00370nam a2200145 a 450000100060000000300090000600800410001504000280005608200150008410000200009924500390011926000340015830000100019265000220020212316CO-ViMGA141112s2004 ck r 000 u spa d aCO-ViMGAbspacCO-ViMGA04a801.9 P68c1 aPoulet, Georges10aLos Caminos actuales de la Critica aBarcelona : bPlaneta, c1969 a355p.14aCRITICA LITERARIA